Random Estonian Words - Statistics

General Stats
  • This quiz has been taken 149 times
  • The average score is 17 of 24
Answer Stats
Estonian English % Correct
Auto Car
95%
Eesti Estonia
94%
Koer Dog
88%
Maa Earth, Land
87%
Jää Ice
83%
Kala Fish
82%
Punane Red
82%
Käsi Arm, Hand
79%
Puu Tree
79%
Jalg Leg
78%
Mees Man
76%
Öö Night
74%
Paat Boat
68%
Lennuk Plane
68%
Lind Bird
65%
Saapad Boots
65%
Õun Apple
59%
Torm Storm
58%
Tüdruk Girl
56%
Hunt Wolf
55%
Mäng Game
54%
Kott Bag
53%
Ruut Square
47%
Koobas Cave
44%
No matching quizzes found
Score Distribution
Percent of People with Each Score
Percentile by Number Answered
Your Score History
You have not taken this quiz